10 najbardziej wysuniętych na zachód dużych miast Europy - Statystyki

Ogólne statystyki
  • Ten quiz został rozwiązany 2 448 razy
  • Średni wynik to 6 z 10
Statystyki odpowiedzi
Długość Populacja Miasto % Poprawnych
9,15 °W 2,50 mln Lizbona
98%
3,70 °W 6,65 mln Madryt
94%
8,62 °W 1,55 mln Porto
84%
6,26 °W 1,53 mln Dublin
82%
5,99 °W 1,30 mln Sewilla
57%
2,25 °W 3,15 mln Manchester
53%
2,98 °W 1,89 mln Liverpool
50%
4,42 °W 1,09 mln Málaga
42%
4,25 °W 1,70 mln Glasgow
41%
1,09 °W 3,25 mln Birmingham
39%
Nie znaleziono quizów pasujących do podanych kryteriów
Rozkład punktacji
Procent ludzi z każdym wynikiem
Percentyl według liczby udzielonych odpowiedzi
Twoja historia wyników
Nie rozwiązałeś tego quizu